KATSEYE - Missions dans Dream Academy - Statistiques

Statistiques générales
  • Ce quiz a été pris 176 fois
    160 depuis la dernière actualisation
  • Le résultat moyen est 14 sur 24
Statistiques - réponses
Hint Réponse % Correct
Daniela Mission 3 Buttons
85%
Manon Mission 3 Buttons
85%
Sophia Mission 3 Buttons
85%
Daniela Mission 1 Pink Venom
75%
Megan Mission 1 Pink Venom
75%
Lara Mission 3 Confident
68%
Megan Mission 3 Confident
68%
Yoonchae Mission 3 Confident
68%
Lara Finale Dirty Water
59%
Manon Finale Dirty Water
59%
Sophia Finale Dirty Water
59%
Daniela Finale Girls Don't Like
55%
Megan Finale Girls Don't Like
55%
Yoonchae Finale Girls Don't Like
55%
Yoonchae Mission 1 OMG
52%
Megan Mission 2 Antifragile Team B
48%
Lara Mission 2 Antifragile Team A
47%
Sophia Mission 2 Antifragile Team A
47%
Yoonchae Mission 2 Antifragile Team A
47%
Daniela Mission 2 Fearless Team A
44%
Manon Mission 2 Fearless Team A
44%
Lara Mission 1 Still Into You
42%
Sophia Mission 1 Still Into You
42%
Manon Mission 1 Dancing On My Own X Happier Than Ever
9%
Aucun quiz correspondant
Distribution des résultats
% des personnes avec chaque résultat
Percentile par nombre de réponses
Votre historique - résultats
Vous n’avez pas pris ce quiz depuis la dernière actualisation